书目信息 |
| 题名: |
邓小平理论与世纪之交的中国国际战略
|
|
| 作者: | 滕藤 | |
| 分册: | ||
| 出版信息: | 北京 人民出版社 2001 |
|
| 页数: | 711 | |
| 开本: | 20cm | |
| 丛书名: | ||
| 单 册: | ||
| 中图分类: | A76 | |
| 科图分类: | ||
| 主题词: | 毛泽东--生平事迹 , 毛泽东--传记 , 恩格斯--生平事迹 , 恩格斯--传记 , 列宁--生平事迹 , 马克思--生事迹 , 马克思--传记 , 列宁--传记 | |
| 电子资源: | ||
| ISBN: | 7-01-003298-X | |
| 000 | 00757nam0 2200265 450 | |
| 001 | 0735257515 | |
| 005 | 20070904094737.51 | |
| 010 | @a7-01-003298-X@d37 | |
| 100 | @a20070904d km y0chiy0120 ea | |
| 101 | 0 | @achi |
| 200 | 1 | @a邓小平理论与世纪之交的中国国际战略@Adeng xiao ping li lun yu shi ji zhi jiao de zhong guo guo ji zhan lue@f滕藤@Fteng teng |
| 210 | @a北京@c人民出版社@d2001 | |
| 215 | @a711@d20cm | |
| 606 | 0 | @a毛泽东@x生平事迹 |
| 606 | 0 | @a毛泽东@x传记 |
| 606 | 0 | @a恩格斯@x生平事迹 |
| 606 | 0 | @a恩格斯@x传记 |
| 606 | 0 | @a列宁@x生平事迹 |
| 606 | 0 | @a马克思@x生事迹 |
| 606 | 0 | @a马克思@x传记 |
| 606 | 0 | @a列宁@x传记 |
| 690 | @aA76@v3 | |
| 701 | 0 | @a滕藤@Ateng teng |
| 801 | 0 | @aCN@bPFT@c20070904 |
| 905 | @a213230@dA76@ea10@f1 | |
| 邓小平理论与世纪之交的中国国际战略/滕藤.-北京:人民出版社,2001 |
| 711;20cm |
| ISBN 7-01-003298-X:37 |
| ● |
| 相关链接 |
|
|
|
|
正题名:邓小平理论与世纪之交的中国国际战略
索取号:A76/a10
 
预约/预借
| 序号 | 登录号 | 条形码 | 馆藏地/架位号 | 状态 | 备注 |
| 1 | 7500186 | 275001864 | 史法系资料室/ [索取号:A76/a10] | 在馆 |